• 首页
  • 本馆介绍
  • 公告通知
  • 最新文献
  • 馆藏检索
  • 电子资源
  • 读者导购
  • 参考咨询
  • 我的图书馆
  • 登录
  • 详细信息显示
  • 放入我的书架
  • 预约/预借图书
  • 作者相关作品
  • 分类相关作品
  • 丛书相关作品
  • 出版社相关作品

书目信息

  • 表格格式
  • 工作单格式
  • 卡片格式
题名:
下一站台北
    
 
作者: ;下一站编辑部 主编
分册:  
出版信息: 桂林   广西师范大学出版社  2012
页数: 247页
开本: 22cm
丛书名:
单 册:
中图分类: K928.958.1
科图分类:
主题词: 旅游指南--台北
电子资源:
ISBN: 978-7-5495-0946-1
000 00885nam0 2200265 450
001 338388
005 20150603105341.43
010    @a978-7-5495-0946-1@dCNY39.80
100    @a20120417d2012 em y0chiy50 ea
101 0  @achi
102    @aCN@b450000
105    @ay z 000yy
106    @ar
200 1  @a下一站台北@Axia yi zhan tai bei@d= Next Taipei@f下一站编辑部主编@zeng
210    @a桂林@c广西师范大学出版社@d2012
215    @a247页@c图, 地图@d22cm
305    @a由星岛出版有限公司授权出版
314    @a主编取自CIP数据
330    @a本书介绍了台北的3大主题线路、17个设计师潮店、21家特色住宿酒店、200个热门景点攻略、4大人气夜市、19大热门区域、300个玩家必游点等。
510 1  @aNext Taipei@zeng
606 0  @a旅游指南@y台北
690    @aK928.958.1@v5
711 02 @a下一站编辑部@Axia yi zhan bian ji bu@4主编
801  0 @aCN@b卓展宏图@c20150525
905    @dK928.958.1@e819@f4
    
    下一站台北= Next Taipei/下一站编辑部主编.-桂林:广西师范大学出版社,2012
    247页:图, 地图;22cm
    
    
    ISBN 978-7-5495-0946-1:CNY39.80
    本书介绍了台北的3大主题线路、17个设计师潮店、21家特色住宿酒店、200个热门景点攻略、4大人气夜市、19大热门区域、300个玩家必游点等。
●
相关链接 在E读中查询图书 在五车中查询图书 在当当中查询图书 在豆瓣中查询图书


正题名:下一站台北     索取号:K928.958.1/819         预约/预借

序号 登录号 条形码 馆藏地/架位号 状态 备注
1 861984   208619841   第二样本阅览室/ [索取号:K928.958.1/819] 在馆    
2 861985   208619850   第二借阅区/ [索取号:K928.958.1/819] 在馆    
3 861986   208619869   第二借阅区/ [索取号:K928.958.1/819] 在馆    
4 861987   208619878   密集书库-资源管理系/ [索取号:K928.958.1/819] 在馆    
唐山师范学院图书馆 欢迎您!
大连网信软件有限公司© 版权所有